00582nam a2200193Ia 450000500170000000800410001702000250005804000190008304100120010208200140011424500580012826000280018630000170021450400500023165000230028165100540030470000200035885000100037820230216143426.0131103s9999 xx 000 0 und d a631195041cGBP 14.99 aLoreto College aEnglish a820.9bWU aRomanticismb a critical reader cedited by Duncan Wu aOxfordbBlackwellc1995 axxvi,462 p.  aIncludes bibliographical references and index aEnglish Literature a19th Century - History and Criicism - Romanticism aWu, Duncan, ed. aLCLIB